| 000 | 00664nam a2200241 a 4500 | ||
|---|---|---|---|
| 001 | BRCA_5951 | ||
| 005 | 20190320205256.0 | ||
| 008 | 240311s1938----enka######---#000-0#eng-# | ||
| 041 | _aeng | ||
| 044 | _aenk | ||
| 050 | 4 |
_aNK9507 _b.N67 2 1938 |
|
| 100 | 1 |
_aNorton, Richard _915029 |
|
| 245 | 1 | 0 |
_aA history of gold snuff boxes _cRichard and Martin Norton. |
| 260 |
_aLondres _bS. J. Phillips _c1938 |
||
| 300 |
_aviii, 115 p. _bil., 44 láminas _c22 cm. |
||
| 500 | _aEjemplar igual a G77 | ||
| 500 | _aY43 | ||
| 650 | 1 | 4 |
_aCajas de rape _915030 |
| 650 | 1 | 4 |
_aOrfebrerĂa _97836 |
| 700 | 1 |
_aNorton, Martin _ecoaut. _915031 |
|
| 902 | _aGFM | ||
| 942 |
_2lcc _cB |
||
| 999 |
_c5640 _d5640 |
||